<?xml version='1.0' encoding='UTF-8'?>
  <record xmlns="http://www.loc.gov/MARC21/slim">
    <leader>00000cam a22000007i 4500</leader>
    <controlfield tag="001">ocm68022654</controlfield>
    <controlfield tag="003">OCoLC</controlfield>
    <controlfield tag="005">20250703185511.2</controlfield>
    <controlfield tag="008">980720s1545    gw            000 0 ger d</controlfield>
    <datafield tag="040" ind1=" " ind2=" ">
      <subfield code="a">NLGGC</subfield>
      <subfield code="b">eng</subfield>
      <subfield code="e">rda</subfield>
      <subfield code="e">dcrmr</subfield>
      <subfield code="c">NLGGC</subfield>
      <subfield code="d">OCLCO</subfield>
      <subfield code="d">QGJ</subfield>
      <subfield code="d">OCLCL</subfield>
      <subfield code="d">QGJ</subfield>
      <subfield code="d">OCLCO</subfield>
    </datafield>
    <datafield tag="029" ind1="0" ind2=" ">
      <subfield code="a">NLGGC</subfield>
      <subfield code="b">171701623</subfield>
    </datafield>
    <datafield tag="035" ind1=" " ind2=" ">
      <subfield code="a">(OCoLC)68022654</subfield>
    </datafield>
    <datafield tag="041" ind1="0" ind2=" ">
      <subfield code="a">ger</subfield>
      <subfield code="a">lat</subfield>
    </datafield>
    <datafield tag="100" ind1="1" ind2=" ">
      <subfield code="a">Gropper, Johannes,</subfield>
      <subfield code="d">1503-1559,</subfield>
      <subfield code="e">author.</subfield>
      <subfield code="4">aut</subfield>
      <subfield code="1">https://id.oclc.org/worldcat/entity/E39PBJyxbkmX93fMMdT4t8kMT3</subfield>
    </datafield>
    <datafield tag="245" ind1="1" ind2="0">
      <subfield code="a">An Die Römsche Keyserliche Maiestat, vnsern Allergnedigsten Herren Warhafftige Antwort vñ[d] gegenberichtũ[n]g, H. Johan Gröpper, Keyserlicher Rechten Doctor, Canonichẽ[s] des Dhoms, vñ[d] Scholastern zu sanct Gereon zu Cöllen, Vff Martini Buceri Freuenliche Clage vnd angeben wider jm D. Gröpper, in eynem jüngst außgangen Truck beschehenn.</subfield>
    </datafield>
    <datafield tag="246" ind1="3" ind2=" ">
      <subfield code="a">An die Römsche Keyserliche Maiestat, unsern Allergnedigsten Herren Warhafftige Antwort und gegenberichtung, H. Johan Gröpper, Keyserlicher Rechten Doctor, Canoniches des Dhoms, und Scholastern zu sanct Gereon zu Cöllen, Uff Martini Buceri Freuenliche Clage und angeben wider im D. Gröpper, in eynem jüngst aussgangen Truck beschehenn</subfield>
    </datafield>
    <datafield tag="246" ind1="1" ind2=" ">
      <subfield code="i">Modern spelling:</subfield>
      <subfield code="a">An die römische kaiserliche Majestät, unsern allergnädigsten Herrn, wahrhaftige Antwort und Gegenberichtung auf Martini Buceri freuenliche Klage und Angeben</subfield>
    </datafield>
    <datafield tag="264" ind1=" " ind2="1">
      <subfield code="a">[Cologne] :</subfield>
      <subfield code="b">Iaspar Gennepaeus,</subfield>
      <subfield code="c">Jm iar Jesu Christi M. D. xlv. [1545]</subfield>
    </datafield>
    <datafield tag="300" ind1=" " ind2=" ">
      <subfield code="a">LXXX, [2] leaves ;</subfield>
      <subfield code="c">31 cm (folio)</subfield>
    </datafield>
    <datafield tag="336" ind1=" " ind2=" ">
      <subfield code="a">text</subfield>
      <subfield code="b">txt</subfield>
      <subfield code="2">rdacontent</subfield>
    </datafield>
    <datafield tag="337" ind1=" " ind2=" ">
      <subfield code="a">unmediated</subfield>
      <subfield code="b">n</subfield>
      <subfield code="2">rdamedia</subfield>
    </datafield>
    <datafield tag="338" ind1=" " ind2=" ">
      <subfield code="a">volume</subfield>
      <subfield code="b">nc</subfield>
      <subfield code="2">rdacarrier</subfield>
    </datafield>
    <datafield tag="340" ind1=" " ind2=" ">
      <subfield code="m">folio</subfield>
      <subfield code="2">rdabf</subfield>
    </datafield>
    <datafield tag="500" ind1=" " ind2=" ">
      <subfield code="a">Imprint: Mit Keyserlicher Gnad und Freiheit Trückts Iaspar Gennepaeus Jm iar Jesu Christi. M. D. xlv.</subfield>
    </datafield>
    <datafield tag="500" ind1=" " ind2=" ">
      <subfield code="a">Signatures: A-T⁴ V⁶; V6v is blank; T3 signed S3.</subfield>
    </datafield>
    <datafield tag="500" ind1=" " ind2=" ">
      <subfield code="a">Initials; printed marginal notes.</subfield>
    </datafield>
    <datafield tag="500" ind1=" " ind2=" ">
      <subfield code="a">Contains also: Liber propositus Ratisbonae ut Caesari redditus est, known as the "Regensburg Book".</subfield>
    </datafield>
    <datafield tag="500" ind1=" " ind2=" ">
      <subfield code="a">Contains also a letter by Jacopo Sadoleto to Hermann von Wied, archbishop of Cologne, and a letter by Giovanni Matteo Giberti, bishop of Verona to Johannes Gropper, and a contribution by Ambrosius Catharinus Politus.</subfield>
    </datafield>
    <datafield tag="510" ind1="4" ind2=" ">
      <subfield code="a">Verzeichnis der im deutschen Sprachbereich erschienenen Drucke des 16. Jahrhunderts (VD 16),</subfield>
      <subfield code="c">G 3389</subfield>
      <subfield code="u">https://gateway-bayern.de/VD16+G+3389</subfield>
    </datafield>
    <datafield tag="546" ind1=" " ind2=" ">
      <subfield code="a">Text in German and Latin.</subfield>
    </datafield>
    <datafield tag="600" ind1="1" ind2="0">
      <subfield code="a">Bucer, Martin,</subfield>
      <subfield code="d">1491-1551.</subfield>
      <subfield code="t">Wie leicht und füglich christliche Vergleichung der Religion und des ganzen Kirchendiensts Reformation bei uns Deutschen zu finden.</subfield>
    </datafield>
    <datafield tag="700" ind1="1" ind2=" ">
      <subfield code="a">Gennep, Jaspar von,</subfield>
      <subfield code="d">1500-approximately 1564,</subfield>
      <subfield code="e">printer.</subfield>
      <subfield code="4">prt</subfield>
      <subfield code="1">https://id.oclc.org/worldcat/entity/E39PBJh4rDrGDdH9QXWvQdHpyd</subfield>
    </datafield>
    <datafield tag="700" ind1="0" ind2=" ">
      <subfield code="a">Charles</subfield>
      <subfield code="b">V,</subfield>
      <subfield code="c">Holy Roman Emperor,</subfield>
      <subfield code="d">1500-1558,</subfield>
      <subfield code="e">dedicatee.</subfield>
      <subfield code="4">dte</subfield>
      <subfield code="1">https://id.oclc.org/worldcat/entity/E39PBJrrtb7QxXCFgdVBT4dmh3</subfield>
    </datafield>
    <datafield tag="700" ind1="1" ind2=" ">
      <subfield code="a">Sadoleto, Jacopo,</subfield>
      <subfield code="d">1477-1547,</subfield>
      <subfield code="e">correspondent.</subfield>
      <subfield code="4">crp</subfield>
      <subfield code="1">https://id.oclc.org/worldcat/entity/E39PBJbtmd6RMRGqRJD7RjWRrq</subfield>
    </datafield>
    <datafield tag="700" ind1="1" ind2=" ">
      <subfield code="a">Wied, Hermann von,</subfield>
      <subfield code="d">1477-1552,</subfield>
      <subfield code="e">addressee.</subfield>
      <subfield code="4">rcp</subfield>
      <subfield code="1">https://id.oclc.org/worldcat/entity/E39PBJpJhKyk8pqpqBqwh7RR8C</subfield>
    </datafield>
    <datafield tag="700" ind1="1" ind2=" ">
      <subfield code="a">Giberti, Giovanni Matteo,</subfield>
      <subfield code="d">1495-1543,</subfield>
      <subfield code="e">correspondent.</subfield>
      <subfield code="4">crp</subfield>
      <subfield code="1">https://id.oclc.org/worldcat/entity/E39PBJd88rmGPMDCdgkRPHkhpP</subfield>
    </datafield>
    <datafield tag="700" ind1="0" ind2=" ">
      <subfield code="a">Ambrosius Catharinus,</subfield>
      <subfield code="c">Archbishop of Conza,</subfield>
      <subfield code="d">1484-1553.</subfield>
      <subfield code="1">https://id.oclc.org/worldcat/entity/E39PBJqfHTwHMpkcJ7Yh3BHXBP</subfield>
    </datafield>
    <datafield tag="752" ind1=" " ind2=" ">
      <subfield code="a">Germany</subfield>
      <subfield code="d">Cologne,</subfield>
      <subfield code="e">publication place.</subfield>
      <subfield code="4">pup</subfield>
    </datafield>
    <datafield tag="758" ind1=" " ind2=" ">
      <subfield code="i">has work:</subfield>
      <subfield code="a">An die Römsche Keyserliche Maiestat, vnsern Allergnedigsten Herren warhafftige Antwort vñ gegenberichtũg H. Johan Gröpper, Keyserlicher Rechten Doctor, Canonichē des Dhoms vñ Scholastern zu sanct Gereon zu Cöllen vff Martini Buceri freuenliche Clage vnd angeben wider jm D. Gröpper in eynem jüngst außgangen Truck beschehenn (Text)</subfield>
      <subfield code="1">https://id.oclc.org/worldcat/entity/E39PCYRVJjGJYCT3wBgmqYVqHC</subfield>
      <subfield code="4">https://id.oclc.org/worldcat/ontology/hasWork</subfield>
    </datafield>
  </record>